Výroba papíru : chemická technologie pro 3. roč. SPŠP : učební text pro 3. ročník středních průmyslových škol papírenských /

Main Author: Čaněk, Bohuslav, 1910-1982
Other Authors: Boríšek, Rudolf, 1920-1975, Hnětkovský, Václav, 1909-1997
Language: Czech
Published: Praha : Státní nakladatelství technické literatury, 1965
Edition: 1. vyd.
Physical Description: 240 s. + 2 příl.
Book
Saved in:
LEADER 01162nam a22002652a 4500
001 000103193
003 CZ BrMZK
005 20131114140314.0
007 ta
008 010907s1965 xr f ||| | cze d
015 |a cnb000488043 
035 |a (OCoLC)42088212 
040 |a BOA001  |b cze  |c BOA002 
100 1 |a Čaněk, Bohuslav,  |d 1910-1982  |7 jk01020976  |4 aut 
245 1 0 |a Výroba papíru :  |b chemická technologie pro 3. roč. SPŠP : učební text pro 3. ročník středních průmyslových škol papírenských /  |c Bohuslav Čaněk, Václav Hnětkovský, Rudolf Boríšek 
250 |a 1. vyd. 
260 |a Praha :  |b Státní nakladatelství technické literatury,  |c 1965 
300 |a 240 s. +  |e 2 příl. 
700 1 |a Boríšek, Rudolf,  |d 1920-1975  |7 jn20000620029  |4 aut 
700 1 |a Hnětkovský, Václav,  |d 1909-1997  |7 jk01041378  |4 aut 
910 |a BOA001  |b 2-0547.892  |b PK-0041.284 
964 |a Papír - výroba - učebnice - školy průmyslové papírenské 
990 |a BK 
996 6 |b 2619031020  |c 2-0547.892  |l HP2  |r DEN  |n 0  |w 000103193  |u 000020  |a 1  |e BOA001  |j MZK50  |s P 
996 7 |b 3119643482  |c PK-0041.284  |l MZK  |r Sklad / do 1 hodiny  |n 5  |w 000103193  |u 000010  |a 1  |e BOA001  |j MZK50  |s A